000 002770000a22000970004500
100 1 _aVázquez Allegue, Jaime
245 1 0 _a4Q484 prototestamento de Judá : Testjud 24,1; 25,1-2
300 _avol. 57, núm 1 (1999), Páginas 735-751
773 0 _tEstudios Bíblicos
942 _cANA
999 _c50309
_d50309